عرض عادي عرض مارك
  • نظم المعلومات الإدارية

دخول Topical Term

عدد التسجيلات المستخدمة: 1

001 - CONTROL NUMBER

  • control field: 27668

003 - CONTROL NUMBER IDENTIFIER

  • control field: AE-AdECS

005 - DATE AND TIME OF LATEST TRANSACTION

  • control field: 20260326092021.0

008 - FIXED-LENGTH DATA ELEMENTS

  • fixed length control field: 260326|| aca||aabn | a|a d

040 ## - CATALOGING SOURCE

  • Original cataloging agency: AE-AdECS
  • Transcribing agency: AE-AdECS

150 ## - HEADING--TOPICAL TERM

  • Topical term or geographic name entry element: نظم المعلومات الإدارية
  • General subdivision: تصميم وتطبيق

670 ## - SOURCE DATA FOUND

  • Source citation: Work cat.: (AE-AdECS)294519: ثابت، محمد مؤلف. 27664, جدوى نظم المعلومات في اتخاذ القرارات /

أبوظبي، الإمارات العربية المتحدة

reference@ecssr.ae

97124044780 +

حقوق النشر © 2026 مركز الإمارات للدراسات والبحوث الاستراتيجية جميع الحقوق محفوظة